| 000 | 00862cam a22002771 4500 | ||
|---|---|---|---|
| 001 | 6112224 | ||
| 003 | ARRUPE | ||
| 005 | 20130918133224.0 | ||
| 008 | 720207s1964 xx 000 0 eng | ||
| 010 | _a 64017358 | ||
| 015 | _aGB64-11621 | ||
| 035 | _a(OCoLC)235001 | ||
| 040 |
_aDLC _cOBlC _dOCoLC _dUk _dDLC |
||
| 042 | _apremarc | ||
| 050 | 0 | 0 |
_aBF121 _b.T34 1964 |
| 100 | 1 |
_aTaylor, Charles, _d1931- _9544 |
|
| 245 | 1 | 4 | _aThe explanation of behaviour. |
| 260 |
_aLondon, _bRoutledge & Kegan Paul; _aNew York, _bHumanities Press _c[1964] |
||
| 300 |
_aix, 277 p. _c23 cm. |
||
| 440 | 0 |
_aInternational library of philosophy and scientific method _9545 |
|
| 504 | _aBibliographical footnotes. | ||
| 650 | 0 |
_aPsychology. _920 |
|
| 650 | 0 |
_aMotivation (Psychology) _9546 |
|
| 906 |
_a7 _bcbc _coclcrpl _du _encip _f19 _gy-gencatlg |
||
| 942 |
_2lcc _cMONOGRAPH |
||
| 999 |
_c117875 _d117875 |
||